000 00580nam a2200181Ia 4500
008 090201s9999 xx 000 0 und d
010 _aKPL-66786
040 _bमराठी
041 _aमराठी
082 _a17213
_b66786
100 _aमंदाकिनी भारद्वाज
245 _aबीज अंकुरले
_cमंदाकिनी भारद्वाज
250 _a1
260 _c2004
_bशिवम् प्रकाशन
300 _a289
_bमध्यम
600 _aबीज अंकुरले
942 _cBOOK
999 _c217157
_d217157